Catálogo

Manual de anestesia local / (Registro nro. 10142)

Detalles MARC
000 -LEADER
fixed length control field 01301cam a2200337 i 4500
001 - CONTROL NUMBER
control field 10142
003 - CONTROL NUMBER IDENTIFIER
control field Mx-PuUPA
005 - DATE AND TIME OF LATEST TRANSACTION
control field 20260428124349.0
008 - FIXED-LENGTH DATA ELEMENTS--GENERAL INFORMATION
fixed length control field 140415s2020 sp ao gr 000 0 spa d
017 ## - COPYRIGHT OR LEGAL DEPOSIT NUMBER
Copyright or legal deposit number B. 2.685 - 2020
020 ## - INTERNATIONAL STANDARD BOOK NUMBER
International Standard Book Number 9788491136712
040 ## - CATALOGING SOURCE
Transcribing agency Mx-PuUPA
Original cataloging agency Mx-PuUPA
Language of cataloging spa
Modifying agency Mx-PuUPA
Description conventions rda
041 1# - LANGUAGE CODE
Language code of text/sound track or separate title spa
Language code of original eng
100 1# - MAIN ENTRY--PERSONAL NAME
Personal name Malamed, Stanley F.,
Dates associated with a name 1944-
Relator term autor
9 (RLIN) 3633
240 10 - UNIFORM TITLE
Uniform title Handbook of local anesthesia.
Language of a work Español
245 10 - TITLE STATEMENT
Title Manual de anestesia local /
Statement of responsibility, etc. Stanley F. Malamed
250 ## - EDITION STATEMENT
Edition statement Séptima edición
264 #1 - PRODUCTION, PUBLICATION, DISTRIBUTION, MANUFACTURE, AND COPYRIGHT NOTICE
Place of production, publication, distribution, manufacture Barcelona, España :
Name of producer, publisher, distributor, manufacturer Elsevier España,
Date of production, publication, distribution, manufacture, or copyright notice ©2020
300 ## - PHYSICAL DESCRIPTION
Extent xv, 445 páginas :
Other physical details ilustraciones, fotografías, tablas (en color) ;
Dimensions 28 cm
336 ## - CONTENT TYPE
Fuente rdacontent
Content type term texto
Content type code txt
336 ## - CONTENT TYPE
Fuente rdacontent
Content type term imagen fija
Content type code sti
337 ## - MEDIA TYPE
Source rdamedia
Media type term sin medio
Media type code n
338 ## - CARRIER TYPE
Source rdacarrier
Carrier type term volumen
Carrier type code nc
650 #7 - SUBJECT ADDED ENTRY--TOPICAL TERM
Source of heading or term armarc
Topical term or geographic name entry element Anestesia en odontología
650 #7 - SUBJECT ADDED ENTRY--TOPICAL TERM
Source of heading or term armarc
Topical term or geographic name entry element Anestesia local
942 ## - ADDED ENTRY ELEMENTS (KOHA)
Source of classification or shelving scheme Dewey Decimal Classification
Koha item type Libro
Classification part 617.9676
Item part M2318
Existencias
Withdrawn status Lost status Source of classification or shelving scheme Damaged status Not for loan Collection code Home library Current library Shelving location Date acquired Source of acquisition Cost, normal purchase price Total Checkouts Full call number Barcode Date last seen Cost, replacement price Price effective from Koha item type Copy number
    Dewey Decimal Classification     Referencia Biblioteca Karol Wojtyla Biblioteca Karol Wojtyla Área de silencio 14/04/2026 1 1020.00   617.9676 M2318 2020 106454 08/05/2026 1020.00 14/04/2026 Libro R  
    Dewey Decimal Classification     Referencia Biblioteca Karol Wojtyla Biblioteca Karol Wojtyla Área de silencio 14/04/2026 1 1020.00   617.9676 M2318 2020 106455 08/05/2026 1020.00 14/04/2026 Libro R Ej.2